Globalizsation and development: (Record no. 11305)

MARC details
000 -LEADER
fixed length control field 00695 a2200193 4500
010 ## - LIBRARY OF CONGRESS CONTROL NUMBER
LC control number ENG-89758
020 ## - INTERNATIONAL STANDARD BOOK NUMBER
International Standard Book Number 0195690923
Terms of availability 695.00
035 ## - SYSTEM CONTROL NUMBER
System control number EN-73291
037 ## - SOURCE OF ACQUISITION
Source of stock number/acquisition DBAD / PUB
082 14 - DEWEY DECIMAL CLASSIFICATION NUMBER
Classification number 303.482
090 ## - LOCALLY ASSIGNED LC-TYPE CALL NUMBER (OCLC); LOCAL CALL NUMBER (OCLC)
-- 11622
-- 11622
245 1# - TITLE STATEMENT
Title Globalizsation and development:
Statement of responsibility, etc edited by Ashwini Deshpande
Remainder of title a handbook of new perspectives/
260 ## - PUBLICATION, DISTRIBUTION, ETC. (IMPRINT)
Place of publication, distribution, etc New Delhi
Name of publisher, distributor, etc Oxford University Press
Date of publication, distribution, etc 2008
270 ## - ADDRESS
Address YMCA Library Building, Jai Singh Road
City New Delhi
State or province Delhi
Postal code 110001
300 ## - PHYSICAL DESCRIPTION
Extent xvi, 301p.
Dimensions 25 cm ( Hb)
500 ## - GENERAL NOTE
General note Includes appendix
942 ## - ADDED ENTRY ELEMENTS (KOHA)
Institution code [OBSOLETE] dpl
Koha item type English Books
Call number prefix 303.482/ GLO
Holdings
Withdrawn status Lost status Source of classification or shelving scheme Damaged status Not for loan Collection code Home library Current library Source of acquisition Cost, normal purchase price Total Checkouts Full call number Barcode Date last seen Copy number Uniform Resource Identifier Cost, replacement price Price effective from Koha item type
    Dewey Decimal Classification   Not For Loan Non-fiction D.B.Act.Division D.B.Act.Division DBAD/PUB 695.00   303.482 GLO EN-73291 15/09/2008 1 12415 695.00 15/09/2008 English Books

© Delhi Public Library
Hit Counter
free hit counter